Statystyki dla Państwa z najlepszymi paszportami

Kliknij tutaj aby rozwiązać quiz!

Ogólne statystyki

  • Ten quiz został rozwiązany 10 640 razy
    (3 931 od ostatniego zresetowania)
  • Średni wynik to 20 z 26

Statystyki odpowiedzi

#Kraj% Poprawnych
167Polska
98%
167Stany Zjednoczone
97%
168Niemcy
94%
168Francja
92%
168Hiszpania
90%
167Japonia
89%
166Wielka Brytania
87%
168Szwecja
86%
168Włochy
86%
166Norwegia
85%
167Portugalia
82%
168Finlandia
81%
167Szwajcaria
81%
166Czechy
77%
167Belgia
76%
168Holandia
76%
168Austria
75%
167Dania
74%
168Korea Południowa
73%
166Grecja
71%
167Irlandia
70%
168Luksemburg
66%
166Węgry
60%
166Nowa Zelandia
52%
171Zjednoczone Emiraty Arabskie
42%
166Malta
41%

Rozkład punktacji

Percentyl według liczby udzielonych odpowiedzi

Procent ludzi z każdym wynikiem

Twoja historia wyników

Nie rozwiązałeś tego quizu od ostatniego zresetowania